|
|
|
|
| LEADER |
01745cas a2200445 a 4500 |
| 001 |
c000229173 |
| 003 |
CARM |
| 005 |
20070129122634.0 |
| 008 |
860319c19859999njugr rs 0 a0eng d |
| 010 |
|
|
|a 86645366
|z sn 86001210
|
| 019 |
1 |
|
|a 4600340
|5 LACONCORD2021
|
| 022 |
0 |
|
|a 0887-6479
|
| 035 |
|
|
|a (OCoLC)13311584
|5 LACONCORD2021
|
| 040 |
|
|
|a NSDP
|b eng
|c NSDP
|d DLC
|d NST
|d DLC
|d NST
|d InU
|d DLC
|d NST
|d MH
|d NST
|d NN
|d OCoLC
|d LC
|
| 042 |
|
|
|a lc
|a nsdp
|
| 043 |
|
|
|a n-us---
|
| 050 |
0 |
0 |
|a HD9999.C743
|b U74
|
| 082 |
0 |
0 |
|a 338.4/76888/0973
|2 19
|
| 210 |
0 |
|
|a Rauch guide U. S. packag. ind
|
| 222 |
|
4 |
|a The Rauch guide to the U.S. packaging industry
|
| 245 |
0 |
4 |
|a The Rauch guide to the U.S. packaging industry.
|
| 246 |
3 |
|
|a Rauch guide to the United States packaging industry
|
| 246 |
3 |
|
|a Rauch guide to the US packaging industry
|
| 246 |
3 |
0 |
|a US packaging industry
|
| 246 |
3 |
8 |
|a U.S. packaging industry
|
| 260 |
|
|
|a Bridgewater, N.J. :
|b Rauch Associates,
|c c1986-.
|
| 300 |
|
|
|a v. :
|b ill. ;
|c 28 cm.
|
| 310 |
|
|
|a Biennial
|
| 362 |
0 |
|
|a 1984, 1985-
|
| 440 |
|
0 |
|a Industrial marketing guides
|
| 515 |
|
|
|a Vols. for 1984, 1985- include projections to 1990-
|
| 550 |
|
|
|a Vols. for 1984, 1985- issued by Rauch Associates; <1997-98-> issued by: Impact Marketing Consultants, Inc.
|
| 650 |
|
0 |
|a Package goods industry
|z United States
|v Periodicals.
|
| 710 |
2 |
|
|a Rauch Associates.
|
| 710 |
2 |
|
|a Impact Marketing Consultants, Inc.
|
| 852 |
8 |
|
|b CARM
|h A1:AP10C0
|i F01748
|p 0340662
|f SE
|
| 866 |
|
0 |
|a 1984,1985
|
| 866 |
|
0 |
|a 1984,1985
|
| 999 |
f |
f |
|i 4abab919-f364-5495-a3ff-830abe4b18ba
|s 96bed64a-3991-575e-a982-391acec96c9b
|
| 952 |
f |
f |
|p Can circulate
|a CAVAL
|b CAVAL
|c CAVAL
|d CARM 1 Store
|e F01748
|f A1:AP10C0
|h Other scheme
|i book
|k 1984,1985
|m 0340662
|